00317nam a2200133Ia 450000500170000000800460001703700120006304000200007504100130009508400190010824500370012726000090016430000100017320250508152509.0008 250505s9999 xx 000 0 eng d aTextual aFEDLbengcFEDL aeng2eng a822, STRqFEDL 0aThree plays by august strindberg c1958 a175p.